| 000 | 00326nam a2200121Ia 4500 | ||
|---|---|---|---|
| 008 | 230907s9999||||xx |||||||||||||| ||und|| | ||
| 082 |
_a621.3815322 _bKAZ |
||
| 100 |
_aKazimierczuk, Marian K. _9115107 |
||
| 245 | 0 | _aResonant power converters / | |
| 260 |
_aWiley, _bNew York : _c1995 |
||
| 300 | _axxiv, 481 p. : | ||
| 942 | _cBK | ||
| 999 |
_c597594 _d597594 |
||